000 01453cac a2200373 i 4500
001 11502663
003 EG-ScBUE
005 20240903135337.0
008 970618k19982000enkar f 000 001ng eng d
020 _a0821821660
020 _a9780821821664
035 _a(OCoLC)ocm37146080
040 _aNSDP
_beng
_erda
_cNSDP
_dWaU
_dDLC
_dNSDP
_dDLC
_dNSDP
_dWaU
_dOCoLC
_dEG-ScBuE
082 0 4 _a510
_222
_bFEA
245 0 0 _aFeatured reviews in mathematical reviews /
_cedited by Donald G. Babbitt and Jane E. Kister.
264 1 _aProvidence, Rhode Island :
_bAmerican Mathematical Society,
_c1998-2000.
300 _a2 volumes :
_billustrations ;
_c26 cm.
336 _2rdacontent
_atext
_btxt
337 _aunmediated
_2rdamedia
_bn
338 _avolume
_bnc
_2rdacarrier
490 0 _aFeatured reviews in mathematical reviews
500 _aIncludes Index.
505 _tVolume 1. Featured Reviews in Mathematical Reviews 1995-1996: Reviews of Outstanding Recent Books and Papers -- Volume 2. Featured Reviews in Mathematical Reviews 1997-1999: with selected reviews of classic books and papers from 1940-1969.
590 _ayassmeen ashraf
650 7 _aMathematics.
_927685
_2BUEsh
651 _2BUEsh
653 _bENGGEN
_cAugust2015
655 _vReading book
700 1 _927683
_aBabbitt, Donald G.,
_eeditor.
700 1 _927684
_aKister, Jane E.,
_eeditor.
730 0 _aMathematical reviews.
_927688
942 _2ddc
_cBB
999 _c16183
_d16183